Podnikateľské riziká vyplývajúce z chybného pracovného štýlu
Ignorovanie a nerešpektovanie autorít a osvedčených postupov. Osvedčené hľadanie zlatej strednej cesty. Nesprávna organizácia času - timemanagement. Plánovanie alebo rozvrh pracovných povinností. Nerozhodnosť. Niekoľko dobrých rád pre vlastné rozhodovanie.
Saved in:
| Main Author: | |
|---|---|
| Format: | Book Chapter |
| Language: | Slovak |
| Subjects: | |
| Tags: |
No Tags, Be the first to tag this record!
|
MARC
| LEADER | 00000naa$a2200000$$$4500 | ||
|---|---|---|---|
| 001 | 0043170 | ||
| 005 | 20231006121535.0 | ||
| 041 | 0 | |a slo | |
| 044 | |a SK | ||
| 245 | 1 | 0 | |a Podnikateľské riziká vyplývajúce z chybného pracovného štýlu |c Emil Burák |
| 520 | |a Ignorovanie a nerešpektovanie autorít a osvedčených postupov. Osvedčené hľadanie zlatej strednej cesty. Nesprávna organizácia času - timemanagement. Plánovanie alebo rozvrh pracovných povinností. Nerozhodnosť. Niekoľko dobrých rád pre vlastné rozhodovanie. | ||
| 610 | 2 | 0 | |a organizácia práce |
| 610 | 2 | 0 | |a čas pracovný |
| 610 | 2 | 0 | |a manažment času |
| 610 | 2 | 0 | |a štýl pracovný |
| 610 | 2 | 0 | |a podnikanie |
| 610 | 2 | 0 | |a podnikatelia |
| 610 | 2 | 0 | |a rozhodovanie |
| 100 | 1 | |a Burák, Emil | |